Homesick - Madison Beer - Statistics

General Stats
  • This quiz has been taken 56 times
    19 since last reset
  • The average score is 241 of 335
Answer Stats
Hint Answer % Correct
a
100%
all
100%
Outro | Verse 1 I
100%
me
100%
Me
100%
My
100%
my
100%
no
100%
the
100%
they
100%
They
100%
to
100%
always
89%
and
89%
Verse 2 And
89%
be
89%
buy
89%
did
89%
didn't
89%
home
89%
it
89%
knew
89%
meant
89%
now
89%
Now
89%
see
89%
that
89%
this
89%
you
89%
But
78%
cover
78%
dad
78%
existed
78%
felt
78%
gonna
78%
in
78%
listened
78%
met
78%
mom
78%
moonlight
78%
on
78%
one
78%
people
78%
planet
78%
said
78%
so
78%
stars
78%
story
78%
under
78%
visit?
78%
What
78%
when
78%
where
78%
ain't
67%
'Cause
67%
come
67%
Chorus Countin'
67%
drove
67%
far
67%
first
67%
How
67%
I'm
67%
it's
67%
It's
67%
long?
67%
lookin'
67%
some
67%
space
67%
stop
67%
they'll
67%
They're
67%
they're
67%
thought
67%
took
67%
was
67%
with
67%
wrong
67%
you're
67%
at
56%
belong
56%
by
56%
don't
56%
down
56%
everybody
56%
feel
56%
humans
56%
language
56%
like
56%
lucky
56%
never
56%
right
56%
speak
56%
still
56%
That's
56%
their
56%
These
56%
understand
56%
alone
44%
away
44%
crew
44%
day
44%
debris
44%
floatin'
44%
left
44%
perfect
44%
place
44%
Somethin'
44%
wish
44%
after
33%
'bout
33%
everything
33%
fakin'
33%
life
33%
looks
33%
party
33%
Rick
33%
take
33%
us
33%
Alright
22%
alright
22%
electricity
22%
fine
22%
global
22%
Morty
22%
scale
22%
then
22%
wonders
22%
charge
11%
developed
11%
engine
11%
generate
11%
goes
11%
inside
11%
intelligent
11%
introduced
11%
know
11%
of
11%
phone
11%
power
11%
put
11%
stuff
11%
Until
11%
void
11%
Which
11%
field
0%
modified
0%
spatially
0%
temporal
0%
tessellated
0%
No matching quizzes found
Score Distribution
Percent of People with Each Score
Percentile by Number Answered
Your Score History
You have not taken this quiz since the last reset